¿Quién era el famoso debajo de la máscara en Mask Singer España (T1)? - Estadísticas

Estadísticas generales
  • Esta prueba ha sido intentada 35 veces
  • La puntuación promedio es 9 de 14
Estadísticas de respuestas
Hint Respuesta % Correcto
Catrina Paz Vega
96%
Cerdita Terelu Campos
93%
León Georgina Rodríguez
82%
Girasol Al Bano
71%
Monstruo Fernando Tejero
68%
Pavo Real Pastora Soler
64%
Cuervo Jorge Lorenzo
61%
Robot (máscara invitada) Cristina Pedroche
57%
Gamba Máximo Huerta
57%
Caniche Genoveva Casanova
54%
Unicornio Norma Duval
54%
Camaleón Toni Cantó
54%
Pulpo Pepe Navarro
50%
Mariquita (máscara invitada) Mónica Carrillo
43%
No se encontraron pruebas coincidentes
Distribución de puntuación
Porcentaje de gente con cada puntuación
Porcentaje por número respondido
Historial de tus puntuaciones
No has intentado esta prueba.